000 00581nam a22002297a 4500
003 UA-OsUOA
001 100035
007 ta
008 20130521b un ||||| |||| 00| 0 ukr d
100 _aЛьоса М.
090 _a821.134.2
_bЛ90
942 _cBK
040 _aUA-OsUOA
_brus
_cUA-OsUOA
_dUA-OsUOA
245 _aЗелений дім
_bроман
300 _a430 с.
955 _a3
041 _arus
080 _a821.134.2
260 _aК.
_bДніпро
_c1988
650 7 _a82 Література. Літературознавство
_2UDC
999 _c386281
_d386281